Arequipa y el sur andino: ensayo de historia regional

Saved in:
Bibliografiske detaljer
Hovedforfatter: Flores-Galindo, Alberto (Author)
Format: Bog
Sprog:spansk
Udgivet: Lima Horizonte 1977
Fag:
Tags: Tilføj Tag
Ingen Tags, Vær først til at tagge denne postø!

MARC

LEADER 00000nam a2200000 a 4500
001 UCX2147
003 CL-VaPUC
008 910326e19770000PE |||||||||||||||||spa|d
082 0 4 |a 985.32  |b FLO  |2 21 
100 0 |a Flores-Galindo, Alberto  |e author  |9 317974 
245 1 0 |a Arequipa y el sur andino: ensayo de historia regional 
300 |a 194 p 
942 |c BK 
945 |d 19910326 00:00:00 
260 |a Lima  |b Horizonte  |c 1977 
650 0 |a Condiciones económicas  |9 258255 
650 7 |a HISTORIA SIGLOS 18-20  |2 CL-VaPUC  |9 317975 
651 7 |a AREQUIPA  |2 CL-VaPUC  |9 317976 
651 0 |a Perú  |9 256567 
583 |a last modification  |c 19910326 00:00:00  |k Rodrigo Vera 
999 |c 223231  |d 223229 
952 |0 0  |1 0  |4 0  |6 985_320000000000000_FLO_1977  |7 0  |8 A  |9 218811  |a BIBHIS  |b BIBHIS  |d 2019-11-15  |i 287623K  |o 985.32 FLO 1977  |p 287623K  |r 2025-01-20  |w 2019-11-15  |y BK  |k HIS